Statistics for Every MLB The Show Cover

Click here to take the quiz!

General Stats

  • This quiz has been taken 102 times
  • The average score is 9 of 23

Answer Stats

YearAnswer% Correct
'19Bryce Harper
86%
'18Aaron Judge
84%
'17Ken Griffey Jr.
79%
'20Javier Baez
76%
'16Josh Donaldson
66%
'06David Ortiz, Vladimir Guerrero
63%
'11Joe Mauer
53%
'10Joe Mauer
53%
'14Miguel Cabrera
53%
'08Ryan Howard
46%
'13Andrew McCutchen
43%
'15Yasiel Puig
37%
'07David Wright
32%
'12Adrian Gonzalez
31%
'03Barry Bonds
30%
'09Dustin Pedroia
28%
'01Chipper Jones
21%
'02Andruw Jones
20%
'98Bernie Williams
9%
'99Cal Ripken Jr.
9%
'04Shawn Green
4%
'05Eric Chavez
3%
'00Mo Vaughn
3%

Score Distribution

Percentile by Number Answered

Percent of People with Each Score

Your Score History

You have not taken this quiz